Roztočte Vaše pohony po slovensky

Bibliographic Details
Format: Article
Language:Slovak
Subjects:

MARC

LEADER 00000nab a2200000 a 4500
001 vtls000722549
003 SK-MaSNL
005 20260304120322.0
008 250429c2000 xo 0 slo
015 |a SNBRB2000/05-13796 
035 |a CLN000074716 
035 |a urn:nbn:sk:snk-abbtfs 
035 |a (urnnbn)urn:nbn:sk:snk:ar-000vwk 
035 |a (uuid)9f108045-f3ad-433a-a909-bae7a8fa60ad 
040 |a SNKBUCL  |b slo  |c SNKBUCL  |e AACR2 
041 0 |a slo 
044 |a xo  |c SK 
080 |a 621.314.26:061.5(437.6)  |2 1997 
080 |a 621.372.63  |2 1997 
245 0 0 |a Roztočte Vaše pohony po slovensky 
610 7 |a Vonsch (Brezno, Slovensko)  |2 snkbucl  |9 94315 
650 0 7 |a meniče frekvenčné  |2 snkbucl  |9 852233 
655 7 |a články z novín a časopisov  |2 snkbucl  |9 267496 
773 0 |t AT&P journal  |g Roč. 7, č. 2 (2000), s. 4-5  |x 1335-2237 
850 |a Slovenská národná knižnica 
852 |a Slovenská národná knižnica 
954 |a odborná, vedecká literatúra pôvodná (slovenská)  |2 lita 
958 |a article15 
958 |a OND 
958 |a EUIPO 
992 |a RBX 
999 |c 2879430  |d 2881360